Aplicaciones informáticas de hojas de cálculo: Ofimática (Registro nro. 13113)
[ vista simple ]
| 000 -CABECERA | |
|---|---|
| campo de control de longitud fija | 00691nam a22002417a 4500 |
| 005 - FECHA Y HORA DE ACTUALIZACIÓN | |
| campo de control | 20210812143144.0 |
| 008 - LONGITUD FIJA | |
| campo de control de longitud fija | 210812b xxu||||| |||| 00| 0 spa d |
| 020 ## - INTERNATIONAL STANDARD BOOK NUMBER | |
| Número Internacional Estándar del Libro | 9789587628661 |
| 041 ## - IDIOMA | |
| Código de idioma del texto/pista de sonido o título separado | |
| 082 ## - CLASIFICACIÓN DECIMAL DEWEY | |
| Número de clasificación | 005.54 P438a |
| 100 ## - AUTOR PERSONAL | |
| Nombre de persona | Pérez León, Eva María |
| 245 ## - TÍTULO PROPIAMENTE DICHO | |
| Título | Aplicaciones informáticas de hojas de cálculo: Ofimática |
| 260 ## - PIE DE IMPRENTA | |
| Lugar de publicación, distribución, etc. | Colombia |
| 260 ## - PIE DE IMPRENTA | |
| Nombre del editor, distribuidor, etc. | Ediciones de la U |
| 260 ## - PIE DE IMPRENTA | |
| Fecha de publicación, distribución, etc. | 2018 |
| 300 ## - DESCRIPCIÓN FÍSICA | |
| Extensión | 356 páginas |
| 650 ## - Materia General | |
| Materia general | OFIMÁTICA |
| 650 ## - Materia General | |
| Materia general | APLICACIONES INFOMÁTICAS |
| 650 ## - Materia General | |
| Materia general | ADMINISTRACIÓN DE BASES DE DATOS |
| 650 ## - Materia General | |
| Materia general | REDES DE COMPUTADORES |
| 650 ## - Materia General | |
| Materia general | HOJAS DE CÁLCULO |
| 942 ## - Punto de Acceso Adicional Koha | |
| Tipo de ítem Koha | Libro |
| Estado perdido | Estado dañado | No para préstamo | Biblioteca permanente | Biblioteca actual | Signatura completa | Código de barras | Precio efectivo a partir del | Tipo de ítem |
|---|---|---|---|---|---|---|---|---|
| Departamento de Biblioteca y Documentación Alfonso Chase Brenes | Departamento de Biblioteca y Documentación Alfonso Chase Brenes | 005.54 P438a | 25333 | 12/08/2021 | Libro |